Physicalism and the Mind /

Análisis filosófico sobre si las propiedades y fenómenos mentales son producto de las propiedades y fenómenos físicos, y qué se entiende por estos últimos.

Kaydedildi:
Detaylı Bibliyografya
Yazar: Francescotti, Robert (autor)
Materyal Türü: Kitap
Dil:İngilizce
Baskı/Yayın Bilgisi: Dordrecht, Holanda : Springer, 2014, c2014
Seri Bilgileri:(Springer Briefs in Philosophy)
Konular:
Online Erişim:Ver documento en línea
Etiketler: Etiketle
Etiket eklenmemiş, İlk siz ekleyin!

MARC

LEADER 00000nam^a2200000^a^4500
001 000420757
005 20251023000000.0
009 20260310122519.479
020 |a 978-94-017-9451-0 
037 |a Acervo ITESO - Biblioteca 
041 |a ING 
082 |a 128. 2  |b FRA 
100 |a Francescotti, Robert  |e (autor) 
245 1 0 |a Physicalism and the Mind /  |c R. Francescotti. 
264 4 |a Dordrecht, Holanda :  |b Springer,  |c 2014, c2014 
264 2 |a Cham, Suiza :  |b Springer Link [distribución],  |c 2014 
300 |a 1 libro electrónico en línea (XII, 90 p.) 
300 |a 1 recurso en línea 
336 |a datos para computadora  |b cod  |2 rdacontenido 
337 |a computadora  |b c  |2 rdamedio 
338 |a recurso en línea  |b cr  |2 rdasoporte 
440 1 |a (Springer Briefs in Philosophy) 
506 0 |a Licencias ilimitadas 
520 |a Análisis filosófico sobre si las propiedades y fenómenos mentales son producto de las propiedades y fenómenos físicos, y qué se entiende por estos últimos. 
649 |a XX 
650 |a Alma y Cuerpo -  |x Filosofía -  |x Tema Principal 
650 |a Monismo 
650 |a Naturalismo 
650 |a Antropología Filosófica 
856 4 0 |u https://link-springer-com.ezproxy.iteso.mx/10.1007/978-94-017-9451-0  |y Ver documento en línea 
910 |a Fondo General 
920 |a Electrónicos - Libros en Línea 
930 |a Plataforma Digital 
905 |a 205 
901 |a 420757-1  |b IT2  |c EBO  |i C172346  |u 20250521 
902 |a https://opac.biblio.iteso.mx/vufind/Record/000420757